000 01236nam a22002777a 4500
005 20101206113148.0
008 101206t xxu||||| |||| 00| 0 hin d
010 _aHIN-93204
020 _c200.00
_a9789380458281
035 _aHN-65550
037 _bDBAD/PUB
040 _aDPL
_bHN
082 _a305.4
100 _924598
_aदीक्षित, सीमा
245 _aस्त्री अस्मिताः
_cसीमा दीक्षित
_bशय्या से सर्वोच्च अदालत तक /
246 _aStree Ashmita shayya se sabvoch adalat tak
_bby Seema Dixit
260 _aनई दिल्ली
_bसामयिक बुक्स
_c2011
270 _bनई दिल्ली
_a3320-21, जटवाड़ा, दरियागंज,एन.एस.मार्ग
_e110002
300 _a144पृ.
_c22सेमी (सजिल्द)
650 _91169
650 _929580
700 _924599
700 _924924
942 _2ddc
_cHN
_mदीक्षित
_h305.4
999 _c53905
_d53905